Southville International School and Colleges
Your cart is empty.
  • Cart
  • Lists
    Public lists Eva Luna New books Lux_list list_1
    Your lists Log in to create your own lists
  • Log in to your account
  • Your cookies
  • Search history
Southville International School and Colleges
  • Advanced search
  • Recent comments
  • Most popular
  • Libraries

Log in to your account

Log in with GOOGLE


If you do not have an external account, but do have a local account, you can still log in:

  1. Home
  2. MARC view: Hongkong & Macau /
Normal view MARC view ISBD view

Hongkong & Macau / (Record no. 10269)

[ view plain ]
MARC details
000 -LEADER
fixed length control field 00554nam a22001937a 4500
003 - CONTROL NUMBER IDENTIFIER
control field OSt
005 - DATE AND TIME OF LATEST TRANSACTION
control field 20140310182203.0
008 - FIXED-LENGTH DATA ELEMENTS--GENERAL INFORMATION
fixed length control field 130903t xxu||||| |||| 00| 0 eng d
020 ## - INTERNATIONAL STANDARD BOOK NUMBER
International Standard Book Number 0908086008
050 ## - LIBRARY OF CONGRESS CALL NUMBER
Classification number DS 796.H73
Item number .C635 1978
082 ## - DEWEY DECIMAL CLASSIFICATION NUMBER
Classification number HS 915.125
Item number C58 1978
100 ## - MAIN ENTRY--PERSONAL NAME
Personal name Clewlow, Carol
9 (RLIN) 16340
245 ## - TITLE STATEMENT
Title Hongkong & Macau /
Statement of responsibility, etc Carol Clewlow
260 ## - PUBLICATION, DISTRIBUTION, ETC. (IMPRINT)
Place of publication, distribution, etc Australia :
Name of publisher, distributor, etc Lonely Planet Pub.,
Date of publication, distribution, etc c1978.
300 ## - PHYSICAL DESCRIPTION
Extent 128 p. :
Other physical details ill. ;
Dimensions 19 cm.
650 ## - SUBJECT ADDED ENTRY--TOPICAL TERM
Topical term or geographic name as entry element HongKong
General subdivision Descreption
-- Guide book
9 (RLIN) 16341
942 ## - ADDED ENTRY ELEMENTS (KOHA)
Source of classification or shelving scheme Library of Congress Classification
Koha item type
Holdings
Withdrawn status Lost status Source of classification or shelving scheme Damaged status Home library Current library Shelving location Date acquired Total Checkouts Full call number Barcode Date last seen Copy number Price effective from Koha item type
    Library of Congress Classification   Luxembourg Library Luxembourg Library High School Section 09/03/2013   DS 796.H73 .C635 1978 9608 01/06/2016 1 09/03/2013 Books

Hongkong & Macau /

APA

Clewlow C., . (1978). Hongkong & Macau. Australia: Lonely Planet Pub.

Chicago

Clewlow Carol, . 1978. Hongkong & Macau. Australia: Lonely Planet Pub.

Harvard

Clewlow C., . (1978). Hongkong & Macau. Australia: Lonely Planet Pub.

MLA

Clewlow Carol, . Hongkong & Macau. Australia: Lonely Planet Pub. 1978.

  • Place hold
  • Print
  • Cite
  • Add to your cart (remove)
  • Save record
    BIBTEX Dublin Core MARCXML MARC (non-Unicode/MARC-8) MARC (Unicode/UTF-8) MARC (Unicode/UTF-8, Standard) MODS (XML) RIS
  • More searches
    Search for this title in:
    Other Libraries (WorldCat) Other Databases (Google Scholar) Online Stores (Bookfinder.com) Open Library (openlibrary.org)

Exporting to Dublin Core...

SOUTHVILLE LIBRARY

Southville International School and Colleges Library

1281 Tropical Ave. Cor. Luxembourg St., BF Homes International, Las Pinas City

Tel. No. 8256374 / 252358 Loc. 117/146

Powered by Koha